[Event "LSS No Engine Cup 40 Preliminary 2"]
[Site "LSS email"]
[Date "2011.04.01"]
[Round "?"]
[White "Gamb, Roper"]
[Black "Ottaviani, Mauro"]
[Result "1-0"]
[WhiteElo "1881"]
[BlackElo "1437"]
[PlyCount "33"]
[EventDate "2011.04.02"]
[EventType "tourn (corr)"]
[EventRounds "6"]
[EventCountry "GER"]
[SourceTitle "Corr 2015"]
[Source "ChessBase"]
[SourceDate "2015.07.17"]
[SourceVersion "1"]
[SourceVersionDate "2015.07.17"]
[SourceQuality "1"]

1. d4 d5 2. Nf3 Nf6 3. e3 Nc6 4. Bb5 Bd7 5. c4 a6 6. Bxc6 Bxc6 7. Ne5 Bd7 8. cxd5 Nxd5 9. Nxf7 Kxf7 10. Qh5+ g6 11. Qxd5+ e6 12. Qxb7 Bg7 13. Nc3 Rf8 14. 0-0 Kg8 15. f3 e5 16. dxe5 Bxe5 17. Qd5+ 1-0

[Event "LSS No Engine Cup 39 Preliminary 6"]
[Site "LSS email"]
[Date "2011.03.15"]
[Round "?"]
[White "Ottaviani, Mauro"]
[Black "Bogric, Robert"]
[Result "1-0"]
[WhiteElo "1438"]
[BlackElo "848"]
[PlyCount "79"]
[EventDate "2011.03.16"]
[EventType "tourn (corr)"]
[EventRounds "6"]
[EventCountry "GER"]
[SourceTitle "Telechess CBM 147"]
[Source "ChessBase"]
[SourceDate "2012.03.16"]
[SourceVersion "1"]
[SourceVersionDate "2012.03.16"]
[SourceQuality "1"]

1. e4 c5 2. Nf3 e6 3. d4 b6 4. d5 exd5 5. Qxd5 Nc6 6. Ne5 Qf6 7. Bc4 Qe6 8. Qxe6+ fxe6 9. Nxc6 dxc6 10. 0-0 a5 11. a4 Bd7 12. Bf4 Nf6 13. Nc3 Be7 14. Rad1 Ra7 15. Bd6 Bxd6 16. Rxd6 Ke7 17. Rfd1 Rf8 18. R6d2 h6 19. f3 g5 20. e5 Nd5 21. Nxd5+ cxd5 22. Bb5 Bxb5 23. axb5 d4 24. Rd3 Rf5 25. Re1 Rd7 26. Kf2 Rd5 27. c4 dxc3 28. Rxd5 exd5 29. bxc3 Ke6 30. Kg3 h5 31. h4 gxh4+ 32. Kxh4 d4 33. c4 Rxe5 34. Rd1 Re2 35. g3 Re3 36. f4 Kf5 37. Kh3 Rc3 38. Re1 Rxc4 39. Re5+ Kf6 40. Rxh5 1-0

[Event "LSS No Engine Cup 39 Preliminary 6"]
[Site "LSS email"]
[Date "2011.03.15"]
[Round "?"]
[White "Ottaviani, Mauro"]
[Black "Jokmin, Guido"]
[Result "1-0"]
[WhiteElo "1438"]
[BlackElo "565"]
[PlyCount "63"]
[EventDate "2011.03.16"]
[EventType "tourn (corr)"]
[EventRounds "6"]
[EventCountry "GER"]
[SourceTitle "Telechess CBM 147"]
[Source "ChessBase"]
[SourceDate "2012.03.16"]
[SourceVersion "1"]
[SourceVersionDate "2012.03.16"]
[SourceQuality "1"]

1. e4 e5 2. Nf3 Nf6 3. Nxe5 d6 4. Nf3 Nxe4 5. d4 Nf6 6. Bd3 d5 7. 0-0 Be7 8. h3 Nc6 9. Nc3 0-0 10. Be3 Nb4 11. a3 Nxd3 12. Qxd3 a6 13. Rfe1 b5 14. b4 c6 15. Ne2 Bd7 16. Ng3 a5 17. Bd2 Bd6 18. Ne5 axb4 19. Bxb4 c5 20. Nxd7 Nxd7 21. dxc5 Bxc5 22. Qxd5 Bxb4 23. axb4 Rxa1 24. Rxa1 Qc7 25. Qxb5 Nb6 26. Qd3 Rd8 27. Qb3 h6 28. c3 Rd3 29. Ne2 Nd5 30. Qc2 Nxb4 31. Qb1 Rd2 32. Ra8+ 1-0

[Event "LSS No Engine Cup 37 Preliminary 3"]
[Site "LSS email"]
[Date "2011.02.15"]
[Round "?"]
[White "Herzog, Klaus"]
[Black "Ottaviani, Mauro"]
[Result "1-0"]
[WhiteElo "1785"]
[BlackElo "1437"]
[PlyCount "31"]
[EventDate "2011.02.16"]
[EventType "tourn (corr)"]
[EventRounds "6"]
[EventCountry "GER"]
[SourceTitle "Corr 2015"]
[Source "ChessBase"]
[SourceDate "2015.07.17"]
[SourceVersion "1"]
[SourceVersionDate "2015.07.17"]
[SourceQuality "1"]

1. d4 d5 2. c4 dxc4 3. Nc3 Nf6 4. Bg5 h6 5. Bxf6 exf6 6. e3 Bb4 7. Bxc4 0-0 8. Nf3 Bg4 9. 0-0 Nc6 10. h3 Bh5 11. Rc1 Na5 12. Be2 Re8 13. Qa4 Bxc3 14. Rxc3 Nc6 15. Qb5 Rb8 16. Qxh5 1-0

[Event "LSS No Engine Cup 37 Preliminary 3"]
[Site "LSS email"]
[Date "2011.02.15"]
[Round "?"]
[White "Oberlaender, Rolf"]
[Black "Ottaviani, Mauro"]
[Result "0-1"]
[WhiteElo "704"]
[BlackElo "1437"]
[PlyCount "64"]
[EventDate "2011.02.16"]
[EventType "tourn (corr)"]
[EventRounds "6"]
[EventCountry "GER"]
[SourceTitle "Telechess CBM 151"]
[Source "ChessBase"]
[SourceDate "2012.11.13"]
[SourceVersion "1"]
[SourceVersionDate "2012.11.13"]
[SourceQuality "1"]

1. e4 e5 2. Nf3 Nc6 3. Bc4 Nf6 4. Ng5 d5 5. exd5 Na5 6. Be2 Nxd5 7. d3 h6 8. Nf3 Bd6 9. 0-0 0-0 10. Bd2 Nc6 11. c4 Nf6 12. Nc3 Re8 13. a3 Bg4 14. h3 Bxf3 15. Bxf3 Nd4 16. Be4 c6 17. Be3 Nxe4 18. Nxe4 Nf5 19. c5 Bc7 20. Qe2 b5 21. b4 Ne7 22. Qg4 Ng6 23. g3 Qxd3 24. h4 Kh8 25. h5 Ne7 26. Nf6 gxf6 27. Kg2 Rg8 28. Qh4 Qf5 29. Bxh6 Rg4 30. Qh3 Rag8 31. Rae1 e4 32. Re3 Kh7 0-1

[Event "LSS No Engine Cup 37 Preliminary 3"]
[Site "LSS email"]
[Date "2011.02.15"]
[Round "?"]
[White "Ottaviani, Mauro"]
[Black "Lauer, Fredric"]
[Result "0-1"]
[WhiteElo "1437"]
[BlackElo "925"]
[PlyCount "66"]
[EventDate "2011.02.16"]
[EventType "tourn (corr)"]
[EventRounds "6"]
[EventCountry "GER"]
[SourceTitle "Telechess CBM 151"]
[Source "ChessBase"]
[SourceDate "2012.11.13"]
[SourceVersion "1"]
[SourceVersionDate "2012.11.13"]
[SourceQuality "1"]

1. e4 c5 2. Nf3 d6 3. Bb5+ Nc6 4. Nc3 Bd7 5. 0-0 a6 6. Ba4 b5 7. Bxb5 axb5 8. Nxb5 g6 9. d4 cxd4 10. Nbxd4 Bg7 11. Nxc6 Bxc6 12. Re1 Qb6 13. Rb1 Nf6 14. a3 0-0 15. e5 dxe5 16. Nxe5 Rad8 17. Bd2 Ne4 18. Nxc6 Qxf2+ 19. Kh1 Rxd2 20. Nxe7+ Kh8 21. Qg4 Nf6 22. Qg3 Qxg3 23. hxg3 Rxc2 24. b4 Ra8 25. Kh2 Rxa3 26. Nd5 Nxd5 27. Re8+ Bf8 28. Rxf8+ Kg7 29. Rd8 Ne3 30. b5 Rxg2+ 31. Kh3 Raa2 32. Rh1 Nf5 33. b6 Rxg3# 0-1

[Event "LSS No Engine Cup 35 Preliminary 7"]
[Site "LSS email"]
[Date "2011.01.20"]
[Round "?"]
[White "Ottaviani, Mauro"]
[Black "Gomgar, Joquin"]
[Result "0-1"]
[WhiteElo "1480"]
[BlackElo "1495"]
[PlyCount "60"]
[EventDate "2011.01.21"]
[EventType "tourn (corr)"]
[EventRounds "6"]
[EventCountry "GER"]
[SourceTitle "Telechess CBM 151"]
[Source "ChessBase"]
[SourceDate "2012.11.13"]
[SourceVersion "1"]
[SourceVersionDate "2012.11.13"]
[SourceQuality "1"]

1. e4 e5 2. Nf3 Nc6 3. Bb5 a6 4. Ba4 Nf6 5. 0-0 b5 6. Bb3 Bc5 7. c3 d6 8. h3 0-0 9. Re1 Re8 10. d4 Bb6 11. Be3 exd4 12. cxd4 Nxe4 13. Bd5 Bd7 14. Nbd2 Nf6 15. Bb3 Na5 16. Bc2 h6 17. b3 Nc6 18. Nf1 Nb4 19. Re2 Bc6 20. a3 Nxc2 21. Rxc2 Bd5 22. Rc3 Ne4 23. Rd3 Qd7 24. Qc1 Qe6 25. N3d2 Qg6 26. f3 Nf2 27. Kxf2 Qxd3 28. Qb2 Rxe3 29. Nxe3 Bxd4 30. Qc1 Qxe3+ 0-1

[Event "LSS No Engine Cup 35 Preliminary 7"]
[Site "LSS email"]
[Date "2011.01.20"]
[Round "?"]
[White "Ottaviani, Mauro"]
[Black "Potemri, Stefan"]
[Result "0-1"]
[WhiteElo "1480"]
[BlackElo "1707"]
[PlyCount "52"]
[EventDate "2011.01.21"]
[EventType "tourn (corr)"]
[EventRounds "6"]
[EventCountry "GER"]
[SourceTitle "Telechess CBM 151"]
[Source "ChessBase"]
[SourceDate "2012.11.13"]
[SourceVersion "1"]
[SourceVersionDate "2012.11.13"]
[SourceQuality "1"]

1. e4 e5 2. Nf3 Nc6 3. Bb5 a6 4. Ba4 d6 5. 0-0 Nf6 6. Re1 Be7 7. c3 0-0 8. h3 b5 9. Bc2 h6 10. d4 exd4 11. cxd4 Nb4 12. Nc3 Nxc2 13. Qxc2 Bb7 14. Bf4 Rc8 15. b4 Nh5 16. Be3 c5 17. bxc5 dxc5 18. d5 Re8 19. Rad1 Bd6 20. a3 Nf6 21. g4 b4 22. Ne2 Nxe4 23. Nc1 Nc3 24. Rd2 Qf6 25. Nh2 Qh4 26. f3 Qxe1+ 0-1

[Event "LSS No Engine Cup 32 Preliminary 5"]
[Site "LSS email"]
[Date "2010.12.07"]
[Round "?"]
[White "Ottaviani, Mauro"]
[Black "Laureles, Raymundo"]
[Result "0-1"]
[WhiteElo "1646"]
[BlackElo "1108"]
[PlyCount "58"]
[EventDate "2010.12.08"]
[EventType "tourn (corr)"]
[EventRounds "6"]
[EventCountry "GER"]
[SourceTitle "Telechess CBM 143"]
[Source "ChessBase"]
[SourceDate "2011.07.15"]
[SourceVersion "1"]
[SourceVersionDate "2011.07.15"]
[SourceQuality "1"]

1. e4 c6 2. d4 d5 3. e5 Bf5 4. Nf3 e6 5. a3 c5 6. c3 Nc6 7. Bb5 Qb6 8. a4 a6 9. Be2 Rc8 10. 0-0 cxd4 11. cxd4 Nb4 12. Qb3 Qc7 13. Bd2 Bc2 14. Qc3 Qd7 15. Qe3 Bxa4 16. Nc3 Nc2 17. Qd3 Nxa1 18. Rxa1 Bb3 19. Ng5 Bc4 20. Qf3 Bxe2 21. Qxe2 h6 22. Nf3 Ne7 23. h3 Nc6 24. Nd1 Nb4 25. g4 Be7 26. h4 Rc2 27. b3 0-0 28. Rc1 Rfc8 29. Nc3 R8xc3 0-1

[Event "LSS No Engine Cup 28 Preliminary 5"]
[Site "LSS email"]
[Date "2010.09.19"]
[Round "?"]
[White "Ottaviani, Mauro"]
[Black "Draba, Henryk"]
[Result "0-1"]
[WhiteElo "1704"]
[BlackElo "1634"]
[PlyCount "38"]
[EventDate "2010.09.20"]
[EventType "tourn (corr)"]
[EventRounds "6"]
[EventCountry "GER"]
[SourceTitle "Telechess CBM 143"]
[Source "ChessBase"]
[SourceDate "2011.07.15"]
[SourceVersion "1"]
[SourceVersionDate "2011.07.15"]
[SourceQuality "1"]

1. e4 c5 2. Nf3 Nc6 3. d4 cxd4 4. Nxd4 e6 5. a3 Bc5 6. Nxc6 bxc6 7. Nc3 d5 8. Bd3 Ne7 9. 0-0 0-0 10. exd5 exd5 11. h3 Ng6 12. Bxg6 fxg6 13. b4 Bb6 14. Bb2 Qh4 15. Qd2 Bxh3 16. gxh3 Qg3+ 17. Kh1 Qxh3+ 18. Kg1 Rf5 19. Na4 Qg3+ 0-1

[Event "LSS RB-2010-0-00094"]
[Site "LSS email"]
[Date "2010.08.31"]
[Round "?"]
[White "Ottaviani, Mauro"]
[Black "Richkov, Sergei"]
[Result "0-1"]
[WhiteElo "1795"]
[BlackElo "1934"]
[PlyCount "58"]
[EventDate "2010.07.10"]
[EventType "tourn (corr)"]
[EventRounds "6"]
[EventCountry "GER"]
[SourceTitle "Telechess CBM 143"]
[Source "ChessBase"]
[SourceDate "2011.07.15"]
[SourceVersion "1"]
[SourceVersionDate "2011.07.15"]
[SourceQuality "1"]

1. e4 c5 2. Nf3 Nc6 3. d4 cxd4 4. Nxd4 e5 5. Nb5 d6 6. N1c3 a6 7. Na3 b5 8. Nd5 Nf6 9. Bg5 Be7 10. Bxf6 Bxf6 11. Be2 0-0 12. 0-0 Bg5 13. c4 b4 14. Nc2 Rb8 15. b3 Be6 16. Re1 a5 17. Bg4 Qd7 18. h3 Kh8 19. Nce3 g6 20. Nf1 Nd4 21. Ng3 f5 22. exf5 gxf5 23. Bh5 Bxd5 24. cxd5 Rfc8 25. Qd3 Rc3 26. Qa6 Nc2 27. Qxa5 e4 28. Ne2 Rcc8 29. f4 Qb7 0-1

[Event "LSS RB-2010-0-00094"]
[Site "LSS email"]
[Date "2010.08.31"]
[Round "?"]
[White "Pott, Brian"]
[Black "Ottaviani, Mauro"]
[Result "1-0"]
[WhiteElo "1817"]
[BlackElo "1826"]
[PlyCount "37"]
[EventDate "2010.07.10"]
[EventType "tourn (corr)"]
[EventRounds "6"]
[EventCountry "GER"]
[SourceTitle "Telechess CBM 143"]
[Source "ChessBase"]
[SourceDate "2011.07.15"]
[SourceVersion "1"]
[SourceVersionDate "2011.07.15"]
[SourceQuality "1"]

1. e4 e5 2. Nf3 Nc6 3. Bc4 Bc5 4. b4 Bxb4 5. c3 Bc5 6. d4 exd4 7. 0-0 Nf6 8. cxd4 d5 9. exd5 Nxd5 10. dxc5 Be6 11. Bg5 f6 12. Re1 Kf7 13. Rxe6 Kxe6 14. Nc3 Nce7 15. Nd4+ Kf7 16. Qh5+ g6 17. Qf3 f5 18. Nxd5 Re8 19. Nxe7+ 1-0

[Event "LSS RB-2010-0-00094"]
[Site "LSS email"]
[Date "2010.08.31"]
[Round "?"]
[White "Windheim, Charles"]
[Black "Ottaviani, Mauro"]
[Result "1-0"]
[WhiteElo "1925"]
[BlackElo "1804"]
[PlyCount "49"]
[EventDate "2010.07.10"]
[EventType "tourn (corr)"]
[EventRounds "6"]
[EventCountry "GER"]
[SourceTitle "Telechess CBM 143"]
[Source "ChessBase"]
[SourceDate "2011.07.15"]
[SourceVersion "1"]
[SourceVersionDate "2011.07.15"]
[SourceQuality "1"]

1. e4 e5 2. Nf3 Nc6 3. d4 exd4 4. Bc4 Bc5 5. c3 dxc3 6. Bxf7+ Kxf7 7. Qd5+ Kf8 8. Qxc5+ d6 9. Qxc3 Nf6 10. Nbd2 Be6 11. b4 a6 12. 0-0 Kf7 13. Ng5+ Ke7 14. Bb2 Rf8 15. f4 Qd7 16. e5 Nd5 17. exd6+ cxd6 18. Qxg7+ Ke8 19. Nxe6 Qxg7 20. Bxg7 Rf7 21. Ne4 Rd8 22. Nxd8 Kxd8 23. Ng5 Rf5 24. g4 Rxf4 25. Ne6+ 1-0

[Event "LSS No Engine Cup 26 Preliminary 2"]
[Site "LSS email"]
[Date "2010.08.09"]
[Round "?"]
[White "Ottaviani, Mauro"]
[Black "Jenneborg, Seved"]
[Result "0-1"]
[WhiteElo "1920"]
[BlackElo "1665"]
[PlyCount "38"]
[EventDate "2010.08.10"]
[EventType "tourn (corr)"]
[EventRounds "6"]
[EventCountry "GER"]
[SourceTitle "Telechess CBM 143"]
[Source "ChessBase"]
[SourceDate "2011.07.15"]
[SourceVersion "1"]
[SourceVersionDate "2011.07.15"]
[SourceQuality "1"]

1. e4 c5 2. Nf3 Nc6 3. d4 cxd4 4. Nxd4 e5 5. Nb5 Nf6 6. N1c3 d6 7. Bg5 a6 8. Na3 Be7 9. Nc4 0-0 10. Bxf6 Bxf6 11. Nxd6 Be6 12. Nxb7 Qb6 13. Nd5 Qxb7 14. Nxf6+ gxf6 15. b3 Qb4+ 16. Qd2 Qxe4+ 17. Be2 Nd4 18. Rc1 Bg4 19. f3 Bxf3 0-1

[Event "OP-2010-0-01214"]
[Site "LSS email"]
[Date "2010.07.24"]
[Round "?"]
[White "Arriola, Roger"]
[Black "Ottaviani, Mauro"]
[Result "1-0"]
[WhiteElo "873"]
[BlackElo "1894"]
[PlyCount "75"]
[EventDate "2010.07.20"]
[EventType "tourn (corr)"]
[EventRounds "4"]
[EventCountry "GER"]
[SourceTitle "Telechess CBM 143"]
[Source "ChessBase"]
[SourceDate "2011.07.15"]
[SourceVersion "1"]
[SourceVersionDate "2011.07.15"]
[SourceQuality "1"]

1. e4 e5 2. c4 Nf6 3. Nc3 Bb4 4. Bd3 0-0 5. Nf3 d6 6. a3 Bc5 7. h3 Be6 8. b4 Bb6 9. Nd5 Nc6 10. Bb2 a5 11. Nxb6 cxb6 12. b5 Ne7 13. a4 Ng6 14. 0-0 Nf4 15. Bc2 Bxc4 16. d3 Be6 17. Ng5 Bd7 18. d4 h6 19. dxe5 dxe5 20. Nf3 Re8 21. Nxe5 Qc7 22. Nxd7 Nxd7 23. Rc1 Rad8 24. Bb3 Nc5 25. Qg4 Ng6 26. Qxg6 Re5 27. Bxe5 Qxe5 28. Qxf7+ Kh8 29. Rcd1 Re8 30. f4 Qxe4 31. Rfe1 Qxe1+ 32. Rxe1 Rxe1+ 33. Kf2 Nd3+ 34. Kg3 Re3+ 35. Kh2 Kh7 36. Bc2 h5 37. f5 Ne1 38. f6+ 1-0

[Event "OP-2010-0-01214"]
[Site "LSS email"]
[Date "2010.07.24"]
[Round "?"]
[White "Ottaviani, Mauro"]
[Black "Grigoryan, Gagik"]
[Result "0-1"]
[WhiteElo "1943"]
[BlackElo "1416"]
[PlyCount "54"]
[EventDate "2010.07.20"]
[EventType "tourn (corr)"]
[EventRounds "4"]
[EventCountry "GER"]
[SourceTitle "Telechess CBM 143"]
[Source "ChessBase"]
[SourceDate "2011.07.15"]
[SourceVersion "1"]
[SourceVersionDate "2011.07.15"]
[SourceQuality "1"]

1. e4 c5 2. Nf3 Nc6 3. c3 Nf6 4. e5 Nd5 5. d4 cxd4 6. cxd4 d6 7. Bc4 Nb6 8. Bb5 dxe5 9. Nxe5 Bd7 10. Bxc6 Bxc6 11. Nxc6 bxc6 12. 0-0 e6 13. Be3 Be7 14. Nd2 0-0 15. Re1 Rc8 16. b3 Bb4 17. a3 Bc3 18. Rc1 Bxd4 19. Qf3 c5 20. Bxd4 cxd4 21. Qe4 Qd6 22. a4 Rxc1 23. Rxc1 Rd8 24. a5 Qa3 25. Rc7 Qxa5 26. Qf4 Nd7 27. g4 e5 0-1

[Event "IECG CA.2007.0.00183 email"]
[Site "IECG email"]
[Date "2007.02.11"]
[Round "?"]
[White "Ottaviani, Mauro"]
[Black "Nucci, Luciano"]
[Result "1/2-1/2"]
[WhiteElo "2004"]
[BlackElo "2083"]
[PlyCount "51"]
[EventDate "2007.02.11"]
[EventType "tourn (corr)"]
[EventRounds "6"]
[SourceTitle "Corr 2024"]
[Source "ChessBase"]
[SourceDate "2023.10.19"]
[SourceVersion "1"]
[SourceVersionDate "2023.10.19"]
[SourceQuality "1"]

1. e4 e6 2. d4 d5 3. Nd2 c5 4. exd5 Qxd5 5. Ngf3 cxd4 6. Bc4 Qd6 7. 0-0 Nc6 8. Nb3 Nf6 9. Nbxd4 Nxd4 10. Nxd4 Bd7 11. c3 Qc7 12. Qe2 a6 13. Re1 Bd6 14. h3 h6 15. Nf5 Bh2+ 16. Kh1 0-0 17. g3 exf5 18. Bf4 Qc6+ 19. Kxh2 Rfe8 20. Qd3 Re4 21. Bb3 Rae8 22. Rxe4 fxe4 23. Qc4 Qxc4 24. Bxc4 Be6 25. Bxe6 Rxe6 26. Rd1 1/2-1/2

[Event "IECG CA.2007.0.00183 email"]
[Site "IECG email"]
[Date "2007.02.11"]
[Round "?"]
[White "Tajti, Sandor"]
[Black "Ottaviani, Mauro"]
[Result "1-0"]
[WhiteElo "2137"]
[BlackElo "2004"]
[PlyCount "83"]
[EventDate "2007.02.11"]
[EventType "tourn (corr)"]
[EventRounds "6"]
[SourceTitle "Corr 2024"]
[Source "ChessBase"]
[SourceDate "2023.10.19"]
[SourceVersion "1"]
[SourceVersionDate "2023.10.19"]
[SourceQuality "1"]

1. d4 d5 2. Bg5 h6 3. Bh4 c6 4. e3 Qb6 5. Qc1 Bf5 6. Nf3 e6 7. Be2 Nd7 8. 0-0 Ngf6 9. Nbd2 Be7 10. c4 0-0 11. c5 Qd8 12. b4 Re8 13. a4 Ne4 14. Nxe4 dxe4 15. Bxe7 Qxe7 16. Nd2 Qg5 17. Re1 Nf6 18. Nc4 Re7 19. b5 Rd8 20. Qc3 Bh3 21. Bf1 Nd5 22. Qa5 Ra8 23. Nd6 e5 24. Nxe4 Qg6 25. Ng3 Bd7 26. dxe5 h5 27. e4 Nf4 28. Qc7 Rae8 29. e6 Nxe6 30. Qxb7 Nd4 31. Qxa7 h4 32. b6 hxg3 33. hxg3 Bc8 34. Rab1 Rb7 35. Qa6 Qh5 36. Qc4 Rd8 37. a5 Rbd7 38. e5 Qg5 39. a6 Qe7 40. Qc3 Ne6 41. Rec1 Kf8 42. Qa5 1-0

[Event "IECG CP.2006.P.00024 email"]
[Site "IECG email"]
[Date "2006.10.01"]
[Round "?"]
[White "Ottaviani, Mauro"]
[Black "Korchut, Adam"]
[Result "1/2-1/2"]
[WhiteElo "1994"]
[BlackElo "2201"]
[PlyCount "55"]
[EventDate "2006.10.01"]
[EventType "tourn (corr)"]
[EventRounds "6"]
[SourceTitle "Corr 2011"]
[Source "ChessBase"]
[SourceDate "2010.08.31"]
[SourceVersion "1"]
[SourceVersionDate "2010.08.31"]
[SourceQuality "1"]

1. e4 e5 2. Nf3 Nf6 3. Nxe5 d6 4. Nf3 Nxe4 5. d4 d5 6. Bd3 Be7 7. 0-0 Nc6 8. c4 Bg4 9. cxd5 Qxd5 10. Nc3 Nxc3 11. bxc3 0-0 12. Re1 Bd6 13. Be4 Qa5 14. Qd3 Rae8 15. Bd2 f5 16. Qc4+ Kh8 17. Bxc6 bxc6 18. Rxe8 Rxe8 19. Qxc6 Rb8 20. Ne5 Bxe5 21. Re1 h6 22. dxe5 Qxa2 23. Qd7 Bh5 24. h3 Be8 25. Qd4 Rb1 26. Rxb1 Qxb1+ 27. Kh2 Qb6 28. Be3 1/2-1/2

[Event "IECG CP.2006.P.00024 email"]
[Site "IECG email"]
[Date "2006.10.01"]
[Round "?"]
[White "Ottaviani, Mauro"]
[Black "Shines, King"]
[Result "1-0"]
[WhiteElo "1994"]
[BlackElo "1065"]
[PlyCount "49"]
[EventDate "2006.10.01"]
[EventType "tourn (corr)"]
[EventRounds "6"]
[SourceTitle "Corr 2011"]
[Source "ChessBase"]
[SourceDate "2010.08.31"]
[SourceVersion "1"]
[SourceVersionDate "2010.08.31"]
[SourceQuality "1"]

1. e4 e5 2. Nf3 Nc6 3. Bc4 Bc5 4. c3 Nf6 5. d3 d6 6. Nbd2 a6 7. Bb3 Bg4 8. 0-0 0-0 9. h3 Bh5 10. Re1 Re8 11. Nf1 h6 12. Ng3 Bg6 13. Bd2 d5 14. exd5 Nxd5 15. d4 Ba7 16. Nxe5 Nxe5 17. Rxe5 Rxe5 18. dxe5 c6 19. Qf3 Qd7 20. c4 Ne7 21. Rd1 Qc7 22. Bc3 c5 23. e6 fxe6 24. Qg4 e5 25. Rd7 1-0

[Event "IECG WC.2005.F.00008 email"]
[Site "IECG email"]
[Date "2006.06.05"]
[Round "?"]
[White "Farnik, Kym"]
[Black "Ottaviani, Mauro"]
[Result "0-1"]
[WhiteElo "1837"]
[BlackElo "2014"]
[PlyCount "82"]
[EventDate "2006.06.05"]
[EventType "tourn (corr)"]
[EventRounds "14"]
[SourceTitle "Corr 2008"]
[Source "ChessBase"]
[SourceDate "2008.06.24"]
[SourceVersion "1"]
[SourceVersionDate "2008.06.24"]
[SourceQuality "1"]

1. d4 d5 2. c4 c6 3. cxd5 cxd5 4. Nc3 Nf6 5. Nf3 Nc6 6. Bf4 Bf5 7. e3 e6 8. Bb5 Nd7 9. 0-0 Be7 10. Rc1 Rc8 11. Na4 g5 12. Be5 f6 13. Bg3 h5 14. h4 Bg4 15. Be2 a6 16. Nc3 Bxf3 17. Bxf3 g4 18. Bxd5 exd5 19. Nxd5 Nb6 20. Nxe7 Nxe7 21. Qb3 f5 22. Qe6 Nbd5 23. Bd6 Qd7 24. Rxc8+ Qxc8 25. Qe5 Rh6 26. Bxe7 Nxe7 27. a4 Rb6 28. Qh8+ Kd7 29. Qxh5 Qc2 30. Qg5 Qxa4 31. h5 Qc6 32. Qh4 Qh6 33. Rc1 Rxb2 34. Qg3 Rb5 35. Qb8 Qxh5 36. g3 Nc6 37. Qg8 Qe8 38. Qa2 Qe6 39. Qa1 Kc7 40. Qa4 Qd5 41. Qc2 Kb8 0-1

[Event "IECG CP.2004.Q.00011 email"]
[Site "IECG email"]
[Date "2006.01.20"]
[Round "?"]
[White "Ottaviani, Mauro"]
[Black "Grkinic, Goran"]
[Result "1-0"]
[WhiteElo "2049"]
[BlackElo "2124"]
[PlyCount "39"]
[EventDate "2006.01.20"]
[EventType "tourn (corr)"]
[EventRounds "6"]
[EventCountry "GER"]
[SourceTitle "Corr 2008"]
[Source "ChessBase"]
[SourceDate "2008.06.24"]
[SourceVersion "1"]
[SourceVersionDate "2008.06.24"]
[SourceQuality "1"]

1. e4 c5 2. Nf3 d6 3. d4 cxd4 4. Nxd4 Nf6 5. Nc3 g6 6. Be3 Bg7 7. f3 Nc6 8. Qd2 0-0 9. 0-0-0 d5 10. exd5 Nxd5 11. Nxc6 bxc6 12. Bd4 Bxd4 13. Qxd4 Qc7 14. Bc4 e5 15. Qd2 Be6 16. Ne4 Rab8 17. Bxd5 cxd5 18. Nf6+ Kg7 19. Nxd5 Qb7 20. b3 1-0

[Event "IECG CP.2004.Q.00011 email"]
[Site "IECG email"]
[Date "2006.01.20"]
[Round "?"]
[White "Ottaviani, Mauro"]
[Black "Luise, Massimo"]
[Result "1/2-1/2"]
[WhiteElo "2049"]
[BlackElo "2263"]
[PlyCount "101"]
[EventDate "2006.01.20"]
[EventType "tourn (corr)"]
[EventRounds "6"]
[EventCountry "GER"]
[SourceTitle "Corr 2008"]
[Source "ChessBase"]
[SourceDate "2008.06.24"]
[SourceVersion "1"]
[SourceVersionDate "2008.06.24"]
[SourceQuality "1"]

1. e4 e6 2. d4 d5 3. Nd2 dxe4 4. Nxe4 Bd7 5. Nf3 Bc6 6. Bd3 Nd7 7. 0-0 Ngf6 8. Ng3 Be7 9. Re1 Bxf3 10. Qxf3 c6 11. c3 0-0 12. Bf4 Re8 13. Rad1 Nf8 14. a3 Ng6 15. Bc1 a5 16. Ne4 Nxe4 17. Bxe4 a4 18. c4 Qd7 19. Be3 f5 20. Bb1 Bf6 21. c5 Ne7 22. Ba2 Nd5 23. Bf4 Qf7 24. Be5 Bd8 25. Re2 Ba5 26. Bc4 Red8 27. Rb1 Rd7 28. b4 axb3 29. Qxb3 Re8 30. Reb2 Nc3 31. Rc1 Nd5 32. Qg3 Bd8 33. a4 Bf6 34. Re1 Ra8 35. Bb3 Bd8 36. Bd6 Ba5 37. Re5 b6 38. Rbe2 Re8 39. Qf3 bxc5 40. dxc5 Rdd8 41. h3 h6 42. g4 g6 43. gxf5 gxf5 44. Kh1 Rd7 45. Bxd5 cxd5 46. Qxf5 exf5 47. Rxe8+ Kg7 48. R8e7 d4 49. Rxf7+ Kxf7 50. Kg2 d3 51. Rb2 1/2-1/2

[Event "IECG CA.2005.0.00162"]
[Site "IECG email"]
[Date "2005.12.18"]
[Round "1"]
[White "Ottaviani, Mauro"]
[Black "Pecotic, Kuzma"]
[Result "0-1"]
[WhiteElo "2042"]
[BlackElo "2034"]
[PlyCount "78"]
[EventDate "2005.12.18"]
[EventType "tourn (corr)"]
[EventRounds "6"]
[SourceTitle "Corr 2008"]
[Source "ChessBase"]
[SourceDate "2008.06.24"]
[SourceVersion "1"]
[SourceVersionDate "2008.06.24"]
[SourceQuality "1"]

1. e4 c5 2. Nf3 d6 3. d4 cxd4 4. Nxd4 Nf6 5. Nc3 a6 6. Bg5 e6 7. f4 Qb6 8. Nb3 Be7 9. Qf3 Nbd7 10. Bd3 h6 11. Qh3 Ng4 12. Bxe7 Qf2+ 13. Kd1 Ne3+ 14. Kc1 Kxe7 15. Qg3 Qxg3 16. hxg3 Nf6 17. Kd2 Neg4 18. a4 b6 19. Nd4 Bb7 20. Ke2 Rac8 21. Ra3 Nd7 22. b4 Ndf6 23. a5 b5 24. Re1 Rhg8 25. Kf3 g6 26. Ndxb5 axb5 27. Nxb5 h5 28. a6 Ba8 29. Na7 Rb8 30. b5 Rb6 31. c4 Nd7 32. Ke2 Nc5 33. Kf1 Kd7 34. e5 g5 35. Kg1 gxf4 36. gxf4 dxe5 37. f5 e4 38. fxe6+ Rxe6 39. Be2 Kc7 0-1